| 000 | 01170nam a22002777a 4500 | ||
|---|---|---|---|
| 003 | dpl | ||
| 005 | 20180705150252.0 | ||
| 008 | 180705b xxu||||| |||| 00| 0 eng d | ||
| 010 | _aB-175580 | ||
| 020 |
_c125.00 _a8188286273 |
||
| 035 | _aB-175580, B-175584 | ||
| 037 | _bCen Lib/Ret | ||
| 040 |
_aDPL _bHN _c0 |
||
| 082 |
_aउ _bशर्माया |
||
| 100 |
_aशर्मा, यादवेन्द्रचन्द्र _958244 |
||
| 245 |
_aसंधिकाल की औरत / _cयादवेन्द्रचन्द्र शर्मा |
||
| 246 |
_aSandikal ki aurat / _bby Yadvendrachndra Sharma |
||
| 260 |
_aदिल्ली _bनोएथ इंडिया पब्लिशर्स _c2005 |
||
| 270 |
_bदिल्ली _aसोनिया विहार _e110094 |
||
| 300 |
_a80पृ. _c19सेमी (सजिल्द) |
||
| 650 |
_aहिंदी साहित्य _968058 |
||
| 650 |
_aहिंदी साहित्य _xउपन्यास _942619 |
||
| 650 |
_aHindi literature _968059 |
||
| 650 |
_aHindi literature _xfiction _968060 |
||
| 942 |
_2ddc _cHN _hउ _mशर्माया |
||
| 999 |
_c116735 _d116735 |
||